<?xml version="1.0" encoding="UTF-8"?>
<marc:record xmlns:marc="http://www.loc.gov/MARC21/slim">
   <marc:leader>00000nam a2200000 a 4500</marc:leader>
   <marc:datafield ind1="1" ind2=" " tag="100">
      <marc:subfield code="a">Hagen, Layla</marc:subfield>
      <marc:subfield code="4">aut</marc:subfield>
      <marc:subfield code="e">Verfasser/-in</marc:subfield>
   </marc:datafield>
   <marc:datafield ind1=" " ind2=" " tag="653">
      <marc:subfield code="a">Reihe</marc:subfield>
   </marc:datafield>
   <marc:datafield ind1=" " ind2=" " tag="653">
      <marc:subfield code="a">Hotelmanager</marc:subfield>
   </marc:datafield>
   <marc:datafield ind1=" " ind2=" " tag="653">
      <marc:subfield code="a">Familie</marc:subfield>
   </marc:datafield>
   <marc:datafield ind1=" " ind2=" " tag="653">
      <marc:subfield code="a">Schwangerschaft</marc:subfield>
   </marc:datafield>
   <marc:datafield ind1=" " ind2=" " tag="653">
      <marc:subfield code="a">One night stand</marc:subfield>
   </marc:datafield>
   <marc:datafield ind1=" " ind2=" " tag="653">
      <marc:subfield code="a">Junggeselle</marc:subfield>
   </marc:datafield>
   <marc:datafield ind1=" " ind2=" " tag="653">
      <marc:subfield code="a">Tierpflegerin</marc:subfield>
   </marc:datafield>
   <marc:datafield ind1="0" ind2="0" tag="245">
      <marc:subfield code="a">The Maxwells. This passion ist forever</marc:subfield>
   </marc:datafield>
   <marc:datafield ind1=" " ind2="1" tag="264">
      <marc:subfield code="a">München u.a.</marc:subfield>
      <marc:subfield code="b">Piper</marc:subfield>
      <marc:subfield code="c">2024</marc:subfield>
   </marc:datafield>
   <marc:datafield ind1="1" ind2=" " tag="490">
      <marc:subfield code="a">The Maxwells</marc:subfield>
      <marc:subfield code="v">5</marc:subfield>
   </marc:datafield>
   <marc:datafield ind1=" " ind2=" " tag="250">
      <marc:subfield code="a">1. Auflage</marc:subfield>
   </marc:datafield>
   <marc:datafield ind1="1" ind2=" " tag="520">
      <marc:subfield code="a">Eine heiße gemeinsame Nacht verändert ihr Leben für immer! Im fünften Band erzählt die Königin der prickelnden Romance von dem begehrtester Junggeselle Chicagos: Travis Maxwell. ##Eine heiße gemeinsame Nacht ist alles, was Travis Maxwell und Bonnie verbinden soll. Danach wollen sie getrennte Wege gehen. Schließlich ist Bonnie es gewohnt, sich allein durchs Leben zu kämpfen. Als sie nach dem One-Night-Stand unverhofft schwanger ist, glaubt sie, wieder ohne Hilfe dazustehen. Doch Travis denkt gar nicht daran, Bonnie im Stich zu lassen. Vor allem, weil sie ihm einfach nicht mehr aus dem Kopf geht. Aber kann er als begehrtester Junggeselle Chicagos Bonnie wirklich davon überzeugen, sich auf mehr als leidenschaftliche Momente einzulassen?##Die Maxwell-Brüder sind die heißesten Männer, die Chicacgo zu bieten hat!##Jedes neue Buch ist wie eine süße Verführung. Layla Hagen beglückt die Leser:innen mit jeder neuen Geschichte ihrer romantisch-heißen Liebesromanreihen! ##»Layla Hagen ist die Queen der Familiengeschichten. Ich kann euch einfach alle Bücher der Autorin nur ans Herz legen!« lache.liebe.lese##»Layla Hagens Bücher machen süchtig! Voller Verheißung, Spannung und der Suche nach der wahren Liebe!« bluetenzeilen##»Jede Menge Romantik, klopfende Herzen, Charme und prickelnde Augenblicke. Ich genieße alle davon.« buchblog_lesehungrig##»Ich kann sie jedem Romance-Liebhaber absolut ans Herz legen!« love_booksandpixiedust##Spritzige Dialoge, große Gefühle und ganz viel Liebe &#x96; Die »The Maxwells«-Reihe bietet alles, was das Herz begehrt:</marc:subfield>
   </marc:datafield>
   <marc:datafield ind1=" " ind2=" " tag="020">
      <marc:subfield code="a">9783492065054</marc:subfield>
      <marc:subfield code="9">9783492065054</marc:subfield>
   </marc:datafield>
   <marc:datafield ind1=" " ind2=" " tag="041">
      <marc:subfield code="a">ger</marc:subfield>
   </marc:datafield>
   <marc:datafield ind1=" " ind2=" " tag="300">
      <marc:subfield code="a">347 S.</marc:subfield>
   </marc:datafield>
</marc:record>
